| 000 | 01579cam a2200361 4500 | ||
|---|---|---|---|
| 001 | ABS65393 | ||
| 008 | 020422n2002 000 0 eng u | ||
| 035 | _a(Sirsi) u117604 | ||
| 245 | _aSpecial report: house prices | ||
| 260 | _c2002 | ||
| 490 |
_aEconomist _v30 March 2002, 77-79(2) |
||
| 520 | _aThe "Economist" is launching a set of global house price indices covering 13 developed economies: Ireland, Spain, Italy, Australia, Britain, United States, Belgium, Canada, Japan, Sweden, France, Netherlands and Germany. The indices will cover house price data going back to 1980, on an average nationwide basis and in major cities. Examines market trends in the different countries over the past two decades with tables and graphs showing real house prices, average price of a two-bedroomed flat, ratio of house prices to income, % of households owning their home, and the "Economist" house price indices. Concludes that the new index will help map the economically important balance between debt, prices and inflation. | ||
| 590 | _aABS | ||
| 650 | _aHOUSE PRICES | ||
| 650 | _aHOUSE PRICE INDICES | ||
| 650 | _aHOUSING MARKET | ||
| 650 | _aHOUSE PRICE INFLATION | ||
| 650 | _aSPAIN | ||
| 650 | _aIRELAND | ||
| 650 | _aITALY | ||
| 650 | _aAUSTRALIA | ||
| 650 | _aBRITAIN | ||
| 650 | _aUNITED STATES | ||
| 650 | _aBELGIUM | ||
| 650 | _aCANADA | ||
| 650 | _aJAPAN | ||
| 650 | _aSWEDEN | ||
| 650 | _aFRANCE | ||
| 650 | _aNETHERLANDS | ||
| 650 | _aGERMANY | ||
| 690 | _aPROPERTY-RESIDENTIAL PROPERTY-RESIDENTIAL PROPERTY MARKET | ||
| 942 | _n0 | ||
| 999 |
_c70029 _d70029 |
||